000
00443nam a2200169Ia 4500
008
090711s9999 xx 000 0 und d
082
_b
63444
100
_a
मेहता शशिकला
245
_a
शोपिस
260
_c
1989
300
_a
155
600
_a
मेहता शशिकला
630
_a
शोपिस
700
_a
मेहता शशिकला
730
_a
शोपिस
942
_c
BOOK
999
_c
297422
_d
297422